[Event "XXIV Festival Conca della Presolana A"]
[Site "Bratto - Castione della Presolana ITA"]
[Date "2004.08.25"]
[Round "6"]
[White "Zimina, Olga"]
[Black "Marzano, Carlo"]
[Result "1-0"]
[WhiteElo "2430"]
[BlackElo "2244"]
[PlyCount "157"]
[EventDate "2004.08.20"]

1.e4 Nc6 2.Nc3 Nf6 3.Nf3 d6 4.d4 e5 5.h3 Be7 6.Bc4 O-O 7.O-O Nxe4 8.Nxe4 
d5 9.Nxe5 Nxe5 10.dxe5 dxc4 11.Qe2 Qd4 12.Nc3 Be6 13.Rd1 Qc5 14.Bf4 Rad8 
15.Qf3 Qb6 16.b3 Rxd1+ 17.Rxd1 Rd8 18.Nd5 Bxd5 19.Rxd5 Rxd5 20.Qxd5 cxb3 
21.cxb3 Bf8 22.Be3 c5 23.Qd7 a6 24.Qe8 h6 25.g3 Qb5 26.Bf4 Qb4 27.Be3 a5 
28.e6 fxe6 29.Qxe6+ Kh7 30.Qf5+ Kg8 31.Qd5+ Kh7 32.Qd8 c4 33.bxc4 Bc5 34.
Qd3+ Kh8 35.Qb3 Qe1+ 36.Kg2 Bxe3 37.Qxe3 Qb1 38.Qe8+ Kh7 39.c5 Qb4 40.Qe3 
a4 41.Kf3 Qb5 42.h4 Kh8 43.a3 Qc6+ 44.Kf4 Qf6+ 45.Ke4 Qg6+ 46.Kd5 Qc6+ 47.
Kc4 b6 48.Kb4 bxc5+ 49.Qxc5 Qe4+ 50.Ka5 Qa8+ 51.Kb6 Qb8+ 52.Ka6 Qa8+ 53.
Qa7 Qd5 54.Qe3 Qb3 55.Ka5 Qc4 56.Qf4 Qb3 57.Qf8+ Kh7 58.Qc5 Kh8 59.g4 Qd1 
60.g5 hxg5 61.hxg5 Qd8+ 62.Kxa4 Qd1+ 63.Kb5 Qd7+ 64.Kb6 Qd8+ 65.Kb7 Qd7+ 
66.Kb8 Qd3 67.f4 Qb3+ 68.Qb4 Qg8+ 69.Kc7 Qf7+ 70.Kc6 Qe8+ 71.Kd5 Qf7+ 72.
Ke4 Qe6+ 73.Kd3 Qf5+ 74.Kc3 Qh3+ 75.Kc2 Qg2+ 76.Qd2 Qe4+ 77.Kb2 Qb7+ 78.
Ka1 Qb3 79.Qh2+ 1-0

[Event "XXIV Festival Conca della Presolana A"]
[Site "Bratto - Castione della Presolana ITA"]
[Date "2004.08.26"]
[Round "7"]
[White "Agnelli, Francesco"]
[Black "Cugini, Verter"]
[Result "0-1"]
[WhiteElo "2097"]
[BlackElo "2219"]
[PlyCount "128"]
[EventDate "2004.08.20"]

1.e4 e6 2.d4 d5 3.Nc3 Nf6 4.Bg5 Bb4 5.e5 h6 6.Bd2 Bxc3 7.bxc3 Ne4 8.Qg4 g6
9.Bd3 Nxd2 10.Kxd2 c5 11.h4 Nc6 12.Nf3 Qa5 13.Qf4 cxd4 14.Nxd4 Nxd4 15.
Qxd4 Bd7 16.Rhb1 b6 17.a4 Rc8 18.Rb3 Rc5 19.f4 Ke7 20.g4 Rhc8 21.Raa3 R5c7
22.h5 gxh5 23.f5 Rg8 24.Qf4 Rxg4 25.Qxh6 Qc5 26.Qf6+ Ke8 27.Qh8+ Qf8 28.
Qxh5 exf5 29.a5 Qg7 30.axb6 axb6 31.Bxf5 Rg2+ 32.Kc1 Bxf5 33.Qxf5 Qg5+ 34.
Qxg5 Rxg5 35.Rxb6 Rxe5 36.Kd2 Ke7 37.Kd3 Re6 38.Rb4 Rec6 39.Rh4 Ke6 40.Rh7
Ke5 41.Kd2 f5 42.Rh4 Rg6 43.Rh2 Rc4 44.Ra8 f4 45.Re8+ Kf5 46.Rf8+ Ke4 47.
Rf2 Ke5 48.Re2+ Re4 49.Rf2 Rf6 50.Rg8 Rc4 51.Rg5+ Rf5 52.Rg8 f3 53.Re8+ 
Kf4 54.Rg8 Re4 55.Rg7 Ree5 56.Rh7 Rh5 57.Rg7 Rhg5 58.Rf7+ Ref5 59.Ra7 Kg3 
60.Ke1 Rh5 61.Rg7+ Rfg5 62.Re7 Re5+ 63.Rxe5 Rxe5+ 64.Kf1 Rh5 0-1

[Event "XXIV Festival Conca della Presolana A"]
[Site "Bratto - Castione della Presolana ITA"]
[Date "2004.08.26"]
[Round "7"]
[White "Agrifoglio, Fabio"]
[Black "Marta, Daniele"]
[Result "1-0"]
[WhiteElo "2022"]
[BlackElo "2089"]
[PlyCount "59"]
[EventDate "2004.08.20"]

1.d4 Nf6 2.c4 g6 3.Nc3 Bg7 4.e4 d6 5.Nf3 O-O 6.Be3 Ng4 7.Bf4 e5 8.dxe5 
dxe5 9.Qxd8 Rxd8 10.Bg5 f6 11.Bh4 Rd6 12.c5 Rc6 13.b4 a6 14.Nd5 Kf7 15.Nd2
b6 16.f3 Nh6 17.Bf2 Nd7 18.b5 axb5 19.Bxb5 Rxc5 20.Bxc5 Nxc5 21.Nxc7 Ra5 
22.Bc4+ Be6 23.Nxe6 Nxe6 24.O-O Ke7 25.Rab1 Nd4 26.Rxb6 Ra7 27.Rfb1 Rc7 
28.Rb7 Kd7 29.Bd5 Nc6 30.Rxc7+ 1-0

[Event "XXIV Festival Conca della Presolana A"]
[Site "Bratto - Castione della Presolana ITA"]
[Date "2004.08.26"]
[Round "7"]
[White "Barlocco, Carlo"]
[Black "Canova, Luca"]
[Result "1-0"]
[WhiteElo "2148"]
[BlackElo "2017"]
[PlyCount "83"]
[EventDate "2004.08.20"]

1.d4 d5 2.Nc3 Nf6 3.Bg5 Nbd7 4.Qd3 h6 5.Bh4 e6 6.e4 dxe4 7.Nxe4 Be7 8.Bxf6
Nxf6 9.O-O-O Nxe4 10.Qxe4 Qd5 11.Qxd5 exd5 12.Nf3 Bg4 13.Be2 O-O-O 14.Rhe1
Bxf3 15.Bxf3 Bf6 16.c3 c6 17.Kc2 Rhe8 18.Kd3 Kc7 19.a4 b6 20.b4 a6 21.Rxe8
Rxe8 22.b5 cxb5 23.axb5 a5 24.Bxd5 Re7 25.c4 Kd6 26.Rc1 Bg5 27.Rc2 f5 28.
g3 f4 29.Be4 fxg3 30.hxg3 Bf6 31.c5+ Kc7 32.Bf5 Re1 33.Kd2 Ra1 34.Rc4 Ra3 
35.Bd3 Ra2+ 36.Ke3 Ra3 37.cxb6+ Kxb6 38.Rc6+ Ka7 39.d5 Kb7 40.d6 Rc3 41.
Ra6 Bd8 42.Kd2 1-0

[Event "XXIV Festival Conca della Presolana A"]
[Site "Bratto - Castione della Presolana ITA"]
[Date "2004.08.26"]
[Round "7"]
[White "Bartolozzi, Roberto"]
[Black "Sbarra, Marco"]
[Result "1/2-1/2"]
[WhiteElo "2104"]
[BlackElo "2228"]
[PlyCount "27"]
[EventDate "2004.08.20"]

1.Nf3 d5 2.d4 e6 3.Bg5 Be7 4.Bxe7 Qxe7 5.c4 Nd7 6.cxd5 exd5 7.Nc3 Ngf6 8.
e3 O-O 9.Be2 b6 10.O-O Bb7 11.Qa4 c6 12.Rac1 Rfd8 13.Rfd1 a5 14.Ne1 
1/2-1/2

[Event "XXIV Festival Conca della Presolana A"]
[Site "Bratto - Castione della Presolana ITA"]
[Date "2004.08.26"]
[Round "7"]
[White "Bottino, Alexiei"]
[Black "Ricci, Marco"]
[Result "1-0"]
[WhiteElo "2061"]
[BlackElo "2147"]
[PlyCount "97"]
[EventDate "2004.08.20"]

1.d4 Nf6 2.c4 g6 3.Nc3 Bg7 4.e4 d6 5.Nf3 O-O 6.Be2 e5 7.d5 a5 8.Bg5 h6 9.
Bh4 Na6 10.Nd2 Qe8 11.a3 Nh7 12.b4 f5 13.f3 Nf6 14.Bf2 axb4 15.axb4 Bd7 
16.Rb1 Nh5 17.c5 Nf4 18.Bf1 Qe7 19.g3 Nh5 20.c6 bxc6 21.dxc6 Be6 22.b5 Nc5
23.Bxc5 dxc5 24.Bc4 Nf6 25.Qb3 Rfe8 26.O-O Rad8 27.Rfd1 fxe4 28.Ndxe4 Nxe4
29.Nxe4 Rd4 30.Bxe6+ Qxe6 31.Nxc5 Qxb3 32.Nxb3 Rb4 33.Nc5 Bf8 34.Nd7 Rxb1 
35.Rxb1 Bd6 36.Nf6+ Kf7 37.Nxe8 Bc5+ 38.Kf1 Kxe8 39.Re1 Bd4 40.f4 Ke7 41.
fxe5 Ke6 42.Kg2 g5 43.Kf3 h5 44.h3 Bb6 45.Re2 Bc5 46.Ke4 Bb6 47.g4 hxg4 
48.hxg4 Ba7 49.Rh2 1-0

[Event "XXIV Festival Conca della Presolana A"]
[Site "Bratto - Castione della Presolana ITA"]
[Date "2004.08.26"]
[Round "7"]
[White "Buccoliero, Alessandro"]
[Black "Bentivegna, Francesco"]
[Result "1/2-1/2"]
[WhiteElo "2123"]
[BlackElo "2250"]
[PlyCount "123"]
[EventDate "2004.08.20"]

1.d4 d5 2.c4 e6 3.e3 c5 4.cxd5 exd5 5.Nf3 Nf6 6.Bd3 Nc6 7.O-O Bg4 8.dxc5 
Bxc5 9.a3 O-O 10.b4 Bd6 11.Bb2 Rc8 12.Nbd2 Re8 13.h3 Bh5 14.Bf5 Rc7 15.Qa4
Ne4 16.Rac1 Nxd2 17.Nxd2 Qg5 18.Bb1 Rce7 19.Qc2 Bg6 20.Qc3 Be4 21.Bxe4 
dxe4 22.Nc4 Bb8 23.b5 Nd8 24.a4 Re6 25.f4 exf3 26.Rxf3 f6 27.Qd3 Nf7 28.
Qf5 Qxf5 29.Rxf5 Ng5 30.Rd5 R6e7 31.Ba3 Rc7 32.Bd6 Rd7 33.Rcd1 Red8 34.
R5d4 Ne6 35.R4d2 Bxd6 36.Rxd6 Rxd6 37.Rxd6 Rxd6 38.Nxd6 Nc5 39.a5 Kf8 40.
a6 bxa6 41.bxa6 Nxa6 42.Nc8 Nc5 43.Nxa7 Ke7 44.Kf2 Ke6 45.Kf3 Kd5 46.Nb5 
Ke5 47.Nd4 Ne6 48.Nc6+ Kd6 49.Nb4 Nc5 50.Kf4 g6 51.Nc2 Ne6+ 52.Ke4 f5+ 53.
Kf3 Ke5 54.h4 h6 55.Nb4 Nc5 56.Nc6+ Kf6 57.Nd4 Nd3 58.e4 Ne5+ 59.Ke3 Nc4+ 
60.Kd3 Nd6 61.exf5 Nxf5 62.Nf3 1/2-1/2

[Event "XXIV Festival Conca della Presolana A"]
[Site "Bratto - Castione della Presolana ITA"]
[Date "2004.08.26"]
[Round "7"]
[White "Campanile, Roberto"]
[Black "Mazzariol, Oscar"]
[Result "1/2-1/2"]
[WhiteElo "2183"]
[BlackElo "2073"]
[PlyCount "98"]
[EventDate "2004.08.20"]

1.d4 Nf6 2.c4 e6 3.Nc3 Bb4 4.Qc2 c5 5.dxc5 Na6 6.a3 Bxc5 7.Nf3 b6 8.e3 Bb7
9.Be2 O-O 10.O-O Nc7 11.Rd1 a5 12.Nd4 Nfe8 13.e4 f5 14.e5 Qh4 15.g3 Qe7 
16.Bf3 Rb8 17.Bxb7 Rxb7 18.Na4 Na6 19.Nb5 Nac7 20.Nxc5 Qxc5 21.Be3 Qe7 22.
Nd6 Rb8 23.Qd2 h6 24.b4 axb4 25.axb4 b5 26.Ra7 bxc4 27.Nxe8 Nxe8 28.Bc5 
Qf7 29.Rxd7 Qh5 30.Bxf8 Kxf8 31.Rd8 Rxd8 32.Qxd8 f4 33.Qd4 g5 34.gxf4 Qg4+
35.Kf1 gxf4 36.Qc5+ Kg8 37.Rc1 f3 38.Rxc4 Qf5 39.Qe3 Ng7 40.Rc8+ Kh7 41.
Rc3 Qb1+ 42.Rc1 Qb2 43.Re1 Qxb4 44.Qxf3 Nf5 45.Qe4 Qb5+ 46.Kg2 Qe8 47.Rc1 
Qg6+ 48.Kf3 Qh5+ 49.Qg4 Nd4+ 1/2-1/2

[Event "XXIV Festival Conca della Presolana A"]
[Site "Bratto - Castione della Presolana ITA"]
[Date "2004.08.26"]
[Round "7"]
[White "Campini, Marco"]
[Black "Delfino, Luigi"]
[Result "1-0"]
[WhiteElo "2173"]
[BlackElo "2084"]
[PlyCount "111"]
[EventDate "2004.08.20"]

1.e4 c5 2.Nf3 e6 3.d4 cxd4 4.Nxd4 a6 5.Bd3 Qc7 6.O-O Nc6 7.Be3 Nf6 8.Nc3 
Bb4 9.Qe2 Nxd4 10.Bxd4 Bxc3 11.Bxc3 b6 12.Qf3 Bb7 13.Bxf6 gxf6 14.Qxf6 Rg8
15.c3 Qc5 16.Rfe1 Qh5 17.Re3 Rg6 18.Qd4 e5 19.Qa4 f5 20.Rg3 f4 21.Rxg6 
Qxg6 22.Re1 h5 23.Qd1 O-O-O 24.Qe2 Kb8 25.Bc4 h4 26.Kh1 Rf8 27.Qf3 d6 28.
h3 Rf6 29.a4 Qh7 30.b4 Bc8 31.Be2 Bb7 32.Bd1 Rg6 33.Qh5 Qg7 34.Bf3 Bc6 35.
Bg4 Kc7 36.Bf5 Rxg2 37.Qxh4 Rg5 38.Bg4 Rg6 39.f3 Rh6 40.Qf2 Bxa4 41.Qa2 b5
42.Rc1 Kb8 43.c4 Qc7 44.Kg2 Qc6 45.c5 Rh8 46.Qf7 Rd8 47.h4 Qc7 48.Qe6 a5 
49.bxa5 dxc5 50.h5 c4 51.h6 c3 52.Rxc3 Qxc3 53.Qb6+ Ka8 54.Qxd8+ Ka7 55.
Qb6+ Ka8 56.a6 1-0

[Event "XXIV Festival Conca della Presolana A"]
[Site "Bratto - Castione della Presolana ITA"]
[Date "2004.08.26"]
[Round "7"]
[White "Capece, Adolivio"]
[Black "Boccalatte, Piero"]
[Result "1-0"]
[WhiteElo "2061"]
[BlackElo "2002"]
[PlyCount "81"]
[EventDate "2004.08.20"]

1.c4 e6 2.Nf3 d5 3.d4 c6 4.e3 Nf6 5.Bd3 Nbd7 6.Nc3 dxc4 7.Bxc4 b5 8.Bd3 a6
9.O-O c5 10.Qe2 Bb7 11.Rd1 c4 12.Bc2 Qc7 13.e4 Be7 14.Bg5 Rc8 15.e5 Nd5 
16.Ne4 Nb4 17.Bxe7 Kxe7 18.Nd6 Rcf8 19.Nxb7 Nxc2 20.Qxc2 Qxb7 21.Qd2 Rc8 
22.Qb4+ Ke8 23.a4 Qc6 24.axb5 axb5 25.Ra5 Rb8 26.Rda1 f6 27.Ra6 Nb6 28.
R1a5 Kf7 29.Ra7+ Kg6 30.Qe7 Rbg8 31.h4 Kf5 32.R5a6 c3 33.bxc3 Qxc3 34.Rxb6
Qc1+ 35.Kh2 Qf4+ 36.Kh1 Kg4 37.Qxe6+ f5 38.Ra1 Rc8 39.Rc6 Rhe8 40.Qd7 Red8
41.Qxg7+ 1-0

[Event "XXIV Festival Conca della Presolana A"]
[Site "Bratto - Castione della Presolana ITA"]
[Date "2004.08.26"]
[Round "7"]
[White "Capitelli, Paolo"]
[Black "Maiorov, Nikita"]
[Result "0-1"]
[WhiteElo "2137"]
[BlackElo "2414"]
[PlyCount "128"]
[EventDate "2004.08.20"]

1.e4 e5 2.Nf3 Nc6 3.Bc4 Bc5 4.d3 d6 5.Nc3 h6 6.Be3 Nge7 7.Nd5 Ng6 8.Qd2 a6
9.h3 Nd4 10.Bxd4 exd4 11.c3 c6 12.Nf4 dxc3 13.bxc3 Ne5 14.Nxe5 dxe5 15.Ne2
b5 16.Bb3 Qg5 17.Qxg5 hxg5 18.Kd2 Ke7 19.d4 Rd8 20.Ke3 Bb6 21.Rhd1 Bb7 22.
Kf3 exd4 23.Nxd4 g6 24.Nc2 c5 25.Bd5 Bxd5 26.exd5 c4 27.Nb4 Kd6 28.a4 Re8 
29.Ra2 Bc5 30.Nc6 f5 31.Na5 Bb6 32.Nc6 Rh8 33.Nb4 Ba5 34.Rb1 Bxb4 35.Rxb4 
Kc5 36.Rd2 Rhd8 37.d6 Rab8 38.d7 Rb7 39.axb5 axb5 40.Re2 Rbxd7 41.Re5+ Rd5
42.Re7 Rd3+ 43.Ke2 Rd2+ 44.Ke1 Rd1+ 45.Ke2 R8d2+ 46.Ke3 Rd7 47.Ke2 R1d2+ 
48.Ke1 R2d3 49.Rxd7 Rxd7 50.Rb2 Rd3 51.Rc2 b4 52.cxb4+ Kxb4 53.Ke2 Kb3 54.
Rc1 Rd6 55.g4 c3 56.Rb1+ Kc4 57.Rb8 fxg4 58.hxg4 c2 59.Rc8+ Kb3 60.Rb8+ 
Kc3 61.Rc8+ Kb2 62.Rb8+ Kc1 63.Rc8 Rb6 64.Kd3 Kd1 0-1

[Event "XXIV Festival Conca della Presolana A"]
[Site "Bratto - Castione della Presolana ITA"]
[Date "2004.08.26"]
[Round "7"]
[White "Cardelli, Gabriele"]
[Black "Astengo, Marcello"]
[Result "1-0"]
[WhiteElo "2026"]
[BlackElo "2056"]
[PlyCount "83"]
[EventDate "2004.08.20"]

1.d4 d5 2.Nf3 c6 3.Bf4 Qb6 4.Qc1 Bf5 5.e3 Nd7 6.Nbd2 Ngf6 7.Be2 Nh5 8.Bg3 
Nxg3 9.hxg3 f6 10.Nh4 Be6 11.Ng6 Rg8 12.Rxh7 O-O-O 13.Nxf8 Rdxf8 14.Bd3 f5
15.Nb3 Nf6 16.Rh1 Ne4 17.Bxe4 dxe4 18.Qd2 g5 19.O-O-O f4 20.gxf4 gxf4 21.
Rhg1 Bg4 22.Rde1 f3 23.g3 Qa6 24.Kb1 b6 25.Rh1 Rh8 26.Nc1 Bh3 27.d5 Rd8 
28.Qc3 c5 29.Qe5 Qc4 30.Rxh3 Rxh3 31.Qe6+ Kb7 32.Qxh3 Rxd5 33.Qf1 Qb4 34.
a3 Qa4 35.Rd1 Rh5 36.Na2 Rh2 37.Nc3 Qc6 38.Rd2 Qe6 39.Qb5 a6 40.Qd7+ Qxd7 
41.Rxd7+ Kc6 42.Rd2 1-0

[Event "XXIV Festival Conca della Presolana A"]
[Site "Bratto - Castione della Presolana ITA"]
[Date "2004.08.26"]
[Round "7"]
[White "Cazzaniga, Walter"]
[Black "Castelfranchi, Carlo"]
[Result "0-1"]
[WhiteElo "2081"]
[BlackElo "2086"]
[PlyCount "78"]
[EventDate "2004.08.20"]

1.d4 Nf6 2.c4 g6 3.Nc3 d5 4.Nf3 Bg7 5.cxd5 Nxd5 6.e4 Nxc3 7.bxc3 c5 8.Be3 
Bg4 9.Bb5+ Nc6 10.O-O O-O 11.dxc5 Bxc3 12.Rc1 Qa5 13.Qb3 Bg7 14.Be2 Qc7 
15.Rfd1 Rfd8 16.Rb1 Rxd1+ 17.Bxd1 Na5 18.Qa4 Bd7 19.Qc2 Rc8 20.Qe2 Be6 21.
Bb3 Nxb3 22.axb3 Bd7 23.h3 Bc6 24.Nd2 Rd8 25.b4 a6 26.Qc4 Bb5 27.Qb3 Rd3 
28.Qc2 Qc6 29.Re1 Bc3 30.Rb1 Qd7 31.Nf3 Ba4 32.Qe2 Bd1 33.Qf1 Bxf3 34.gxf3
Bxb4 35.Rxb4 Rd1 36.Qxd1 Qxd1+ 37.Kg2 Qd7 38.Rb3 f6 39.Ra3 Qb5 0-1

[Event "XXIV Festival Conca della Presolana A"]
[Site "Bratto - Castione della Presolana ITA"]
[Date "2004.08.26"]
[Round "7"]
[White "Ceccarini, Marco"]
[Black "Ticozzi, Stefano"]
[Result "1-0"]
[WhiteElo "2091"]
[BlackElo "2079"]
[PlyCount "49"]
[EventDate "2004.08.20"]

1.e4 c5 2.Nf3 Nc6 3.d4 cxd4 4.Nxd4 Nf6 5.f3 d6 6.c4 e6 7.Nc3 Be7 8.Be3 Bd7
9.Be2 Nxd4 10.Qxd4 Bc6 11.O-O O-O 12.Rfd1 a6 13.Qb6 Qxb6 14.Bxb6 Nd7 15.
Bc7 Rac8 16.Bxd6 Bxd6 17.Rxd6 Ne5 18.Rad1 g5 19.g3 Be8 20.b3 b5 21.Rxa6 
bxc4 22.b4 Bc6 23.b5 Bb7 24.Rb6 Rc7 25.a4 1-0

[Event "XXIV Festival Conca della Presolana A"]
[Site "Bratto - Castione della Presolana ITA"]
[Date "2004.08.26"]
[Round "7"]
[White "Contin, Daniel"]
[Black "Caruso, Augusto"]
[Result "0-1"]
[WhiteElo "2392"]
[BlackElo "2208"]
[PlyCount "120"]
[EventDate "2004.08.20"]

1.c4 Nf6 2.Nf3 c5 3.g3 Nc6 4.Bg2 g6 5.Nc3 Bg7 6.O-O O-O 7.d4 cxd4 8.Nxd4 
Qa5 9.Nb3 Qh5 10.e4 d6 11.f3 g5 12.Be3 Ne5 13.Nd5 Nxd5 14.cxd5 g4 15.f4 
Nf3+ 16.Rxf3 gxf3 17.Bxf3 Qg6 18.f5 Qf6 19.Rb1 e6 20.g4 exf5 21.gxf5 Qh4 
22.Qd2 Be5 23.Qg2+ Kh8 24.Bg5 Qxg5 25.Qxg5 Rg8 26.Qxg8+ Kxg8 27.Na5 Kf8 
28.Rc1 Bxb2 29.Rc4 Ba3 30.Kg2 Bc5 31.Nb3 b6 32.Nxc5 bxc5 33.Ra4 a5 34.f6 
Bd7 35.Ra3 a4 36.Kg3 Rb8 37.Bd1 Rb4 38.Kf4 h6 39.h4 Rd4 40.Bh5 Bb5 41.Bg4 
Ke8 42.Rg3 Bc4 43.Bf5 Kf8 44.Bh7 Ke8 45.Rg8+ Kd7 46.Bf5+ Kc7 47.Be6 Rd1 
48.Rg3 Rf1+ 49.Rf3 Rxf3+ 50.Kxf3 Bxa2 51.Bxf7 Kd8 52.Ke3 a3 53.Kd2 Bb3 54.
Kc3 a2 55.Kb2 c4 56.e5 c3+ 57.Kxb3 a1=Q 58.e6 Qd1+ 59.Ka3 c2 60.e7+ Kc7 
0-1

[Event "XXIV Festival Conca della Presolana A"]
[Site "Bratto - Castione della Presolana ITA"]
[Date "2004.08.26"]
[Round "7"]
[White "Contini, Gabriele"]
[Black "Scacco, Mauro"]
[Result "1-0"]
[WhiteElo "2048"]
[BlackElo "2117"]
[PlyCount "109"]
[EventDate "2004.08.20"]

1.d4 Nf6 2.Bg5 d5 3.Bxf6 gxf6 4.e3 Bf5 5.c4 Bxb1 6.Rxb1 c6 7.Qb3 Qa5+ 8.
Kd1 Nd7 9.Qxb7 Rb8 10.Qxc6 Qxa2 11.Bd3 Qb3+ 12.Ke2 dxc4 13.Qxc4 Qxc4 14.
Bxc4 Rg8 15.g3 Nb6 16.Bb5+ Kd8 17.Bd3 h6 18.Nf3 e6 19.Rhc1 Bb4 20.Nd2 f5 
21.Ra1 a5 22.Nb3 Nd5 23.Rc2 Ra8 24.Bb5 Ke7 25.Bc6 Rgc8 26.Rac1 Ra7 27.Bxd5
Rxc2+ 28.Rxc2 exd5 29.Nc1 Bd6 30.Nd3 a4 31.Nc5 h5 32.h4 f4 33.gxf4 a3 34.
bxa3 Rxa3 35.Nb7 Ra1 36.Nxd6 Kxd6 37.Kf3 Rg1 38.Ra2 Rg4 39.Ra6+ Ke7 40.
Ra7+ Kf6 41.Ra5 Ke6 42.f5+ Kd6 43.Ra6+ Kd7 44.Ra7+ Ke8 45.f6 Rxh4 46.Re7+ 
Kf8 47.Re5 Kg8 48.Rxd5 Kh7 49.Rg5 Rh1 50.d5 h4 51.Kg2 Rd1 52.e4 Rd2 53.
Rg7+ Kh6 54.Rxf7 Kg6 55.Rf8 1-0

[Event "XXIV Festival Conca della Presolana A"]
[Site "Bratto - Castione della Presolana ITA"]
[Date "2004.08.26"]
[Round "7"]
[White "Coratella, Giuseppe"]
[Black "Karr, Jean-Philippe"]
[Result "1-0"]
[WhiteElo "2156"]
[BlackElo "2370"]
[PlyCount "81"]
[EventDate "2004.08.20"]

1.e4 c5 2.Nf3 e6 3.d4 cxd4 4.Nxd4 Nc6 5.Nc3 Qc7 6.Be3 a6 7.Be2 b5 8.Qd2 
Bb7 9.O-O Nf6 10.a3 b4 11.axb4 Bxb4 12.Nxc6 Qxc6 13.f3 d5 14.e5 Nd7 15.Bd4
Nb6 16.Qg5 O-O 17.Bd3 Nc4 18.Ne2 Bc5 19.b3 Nb2 20.Qe3 Rfc8 21.f4 g6 22.g4 
Nc4 23.Qf2 Nd2 24.Rfe1 Ne4 25.Qe3 Bxd4 26.Nxd4 Qb6 27.f5 exf5 28.gxf5 Re8 
29.e6 fxe6 30.fxe6 Re7 31.Re2 Rae8 32.Rae1 Ng5 33.c3 Ne4 34.Bb1 Rc8 35.Rc1
Qc5 36.b4 Qb6 37.Kg2 a5 38.Nf5 d4 39.Nxe7+ Kf8 40.Qh6+ Kxe7 41.Qg7+ 1-0

[Event "XXIV Festival Conca della Presolana A"]
[Site "Bratto - Castione della Presolana ITA"]
[Date "2004.08.26"]
[Round "7"]
[White "D'Innocente, Stefano"]
[Black "Sedina, Elena"]
[Result "0-1"]
[WhiteElo "2197"]
[BlackElo "2396"]
[PlyCount "66"]
[EventDate "2004.08.20"]

1.e4 e6 2.d4 d5 3.Nd2 c5 4.exd5 exd5 5.Ngf3 Nc6 6.Bb5 Bd6 7.O-O Ne7 8.dxc5
Bxc5 9.Nb3 Bd6 10.Re1 O-O 11.c3 Bg4 12.Be2 Re8 13.h3 Bh5 14.Nfd4 Bg6 15.
Be3 a6 16.Nxc6 bxc6 17.Qd2 Nf5 18.Bf4 a5 19.Bxd6 Nxd6 20.Bd3 Bxd3 21.Qxd3 
Nc4 22.Nd4 Nxb2 23.Qc2 Nc4 24.Nxc6 Qf6 25.Nd4 g6 26.Qa4 Re5 27.Qc6 Qxc6 
28.Nxc6 Rxe1+ 29.Rxe1 Kf8 30.Rb1 Rc8 31.Nd4 Nd2 32.Rb5 Rxc3 33.Rxd5 Rc1+ 
0-1

[Event "XXIV Festival Conca della Presolana A"]
[Site "Bratto - Castione della Presolana ITA"]
[Date "2004.08.26"]
[Round "7"]
[White "De Marco, Walter"]
[Black "Molteni, Costantino"]
[Result "1/2-1/2"]
[WhiteElo "2053"]
[BlackElo "2010"]
[PlyCount "60"]
[EventDate "2004.08.20"]

1.Nf3 Nf6 2.b3 g6 3.Bb2 Bg7 4.e3 c5 5.d4 O-O 6.Be2 b6 7.O-O Bb7 8.c4 e6 9.
Nc3 Qe7 10.dxc5 bxc5 11.Nb5 d5 12.Be5 Ne4 13.Bxg7 Kxg7 14.Qc2 Nd7 15.Rfd1 
Rfd8 16.cxd5 exd5 17.Nc7 Rac8 18.Nxd5 Bxd5 19.Rxd5 Nef6 20.Rd2 Nb6 21.Rad1
Rxd2 22.Rxd2 Ne4 23.Rd1 Nd6 24.Qc3+ f6 25.Nd2 Nd5 26.Qb2 Nb6 27.Nc4 Ndxc4 
28.Bxc4 Nxc4 29.bxc4 Rc7 30.Qd2 Rb7 1/2-1/2

[Event "XXIV Festival Conca della Presolana A"]
[Site "Bratto - Castione della Presolana ITA"]
[Date "2004.08.26"]
[Round "7"]
[White "De Santis, Alessio"]
[Black "Danieli, Enrico"]
[Result "1/2-1/2"]
[WhiteElo "2292"]
[BlackElo "2139"]
[PlyCount "65"]
[EventDate "2004.08.20"]

1.d4 Nf6 2.c4 c5 3.d5 b5 4.cxb5 a6 5.f3 e6 6.e4 c4 7.dxe6 fxe6 8.Nc3 axb5 
9.e5 b4 10.exf6 bxc3 11.f7+ Kxf7 12.bxc3 Bc5 13.Nh3 h6 14.f4 d5 15.Qf3 Qa5
16.Bd2 Nd7 17.Be2 Nf6 18.Nf2 Rb8 19.O-O Ne4 20.Be3 Bxe3 21.Qxe3 Qxc3 22.
Qa7+ Rb7 23.Nxe4 dxe4 24.Qc5 Rd8 25.Rad1 Rxd1 26.Bxd1 Rd7 27.Bh5+ g6 28.f5
Qd4+ 29.Qxd4 Rxd4 30.fxg6+ Kg8 31.Rc1 Bb7 32.Rc2 Bd5 33.Kf2 1/2-1/2

[Event "XXIV Festival Conca della Presolana A"]
[Site "Bratto - Castione della Presolana ITA"]
[Date "2004.08.26"]
[Round "7"]
[White "Drabke, Lorenz Maximilian"]
[Black "Dervishi, Erald"]
[Result "0-1"]
[WhiteElo "2428"]
[BlackElo "2486"]
[PlyCount "136"]
[EventDate "2004.08.20"]

1.e4 e5 2.Nf3 Nc6 3.Nc3 Nf6 4.Bb5 Nd4 5.Bc4 d6 6.Ng5 Ne6 7.d4 exd4 8.Nxe6 
Bxe6 9.Qxd4 Qd7 10.Bg5 Be7 11.O-O h6 12.Bh4 Bxc4 13.Qxc4 O-O 14.Rfe1 c6 
15.Rad1 Ne8 16.Bxe7 Qxe7 17.Ne2 Rd8 18.Nf4 Kh8 19.Re3 Nf6 20.g3 Rfe8 21.
Rde1 Qd7 22.Qd4 a6 23.Kg2 Qc7 24.h3 Re7 25.a4 Rde8 26.b3 Kg8 27.R1e2 b5 
28.axb5 axb5 29.Re1 Rd7 30.Kh2 Qb7 31.Kg1 Re5 32.f3 Re8 33.Kg2 Qb8 34.Qc3 
Qb6 35.h4 Rde7 36.e5 dxe5 37.Rxe5 b4 38.Qa1 Rxe5 39.Rxe5 Rd8 40.Re2 Qb5 
41.Qe5 Qb6 42.Nh5 Nxh5 43.Qxh5 Qd4 44.Qg4 Qc5 45.h5 Rd1 46.Rf2 Rc1 47.Qh4 
Rd1 48.Qg4 Rc1 49.Qh4 f6 50.Qg4 f5 51.Qg6 Kf8 52.Qe6 Rxc2 53.Qc8+ Ke7 54.
Qc7+ Kf6 55.Qd8+ Ke5 56.Qc7+ Kf6 57.Qd8+ Ke5 58.Qc7+ Kd4 59.Qxg7+ Kd3 60.
Rxc2 Qxc2+ 61.Kh3 Qxb3 62.Qxh6 Qd5 63.Qg7 Qxf3 64.Kh4 b3 65.h6 b2 66.h7 
b1=Q 67.h8=Q Qb4+ 68.Kg5 Qxg3+ 0-1

[Event "XXIV Festival Conca della Presolana A"]
[Site "Bratto - Castione della Presolana ITA"]
[Date "2004.08.26"]
[Round "7"]
[White "Epishin, Vladimir V."]
[Black "Jonkman, Harmen"]
[Result "1-0"]
[WhiteElo "2635"]
[BlackElo "2425"]
[PlyCount "69"]
[EventDate "2004.08.20"]

1.d4 d5 2.c4 dxc4 3.e4 Nf6 4.e5 Nd5 5.Bxc4 Nb6 6.Bb3 Nc6 7.Ne2 Bg4 8.f3 
Bf5 9.Nbc3 e6 10.O-O Qd7 11.Be3 O-O-O 12.Rc1 Kb8 13.Na4 Nb4 14.Nec3 N6d5 
15.Nxd5 Nxd5 16.Bxd5 Qxd5 17.Nc3 Qa5 18.Qe2 c5 19.Nb5 a6 20.Nd6 Bxd6 21.
exd6 cxd4 22.Bxd4 f6 23.Rfd1 e5 24.Bf2 Rc8 25.Qe3 b6 26.g4 Bd7 27.b4 Rxc1 
28.Qxc1 Qa4 29.Qc7+ Ka8 30.Qxb6 Qxd1+ 31.Kg2 Qd4 32.Bxd4 exd4 33.Qxa6+ Kb8
34.Qb6+ Ka8 35.Qc7 1-0

[Event "XXIV Festival Conca della Presolana A"]
[Site "Bratto - Castione della Presolana ITA"]
[Date "2004.08.26"]
[Round "7"]
[White "Gardi, Giuseppe"]
[Black "Antognini, Francesco"]
[Result "0-1"]
[WhiteElo "2061"]
[BlackElo "2193"]
[PlyCount "134"]
[EventDate "2004.08.20"]

1.d4 Nf6 2.Nf3 g6 3.Bf4 Bg7 4.e3 b6 5.h3 Bb7 6.Be2 d6 7.O-O O-O 8.a4 a6 9.
c3 Nbd7 10.Na3 Re8 11.Bh2 c5 12.Qb3 Bd5 13.c4 Bb7 14.d5 e5 15.dxe6 fxe6 
16.Rad1 Ne4 17.Nd2 Nxd2 18.Rxd2 Qg5 19.Bg4 h5 20.f4 Qh4 21.g3 Qe7 22.Bf3 
Bxf3 23.Rxf3 e5 24.Qd3 e4 25.Qd5+ Qe6 26.Rff2 Qxd5 27.Rxd5 Re6 28.Rd1 Nf6 
29.Rfd2 Bf8 30.Kg2 Rb8 31.Bg1 Kf7 32.Bf2 Ke7 33.Be1 Kd7 34.Rf2 Kc6 35.Bc3 
Ne8 36.g4 Nc7 37.f5 gxf5 38.Rxf5 hxg4 39.hxg4 Bh6 40.Kf2 Rg8 41.Rg1 Reg6 
42.Rh5 Bg5 43.Rh8 Rxh8 44.Bxh8 Rh6 45.Bc3 Rh2+ 46.Kg3 Re2 47.Re1 Rxe1 48.
Bxe1 Bxe3 49.Kh4 Ne6 50.Nc2 Bg5+ 51.Kh5 Bc1 52.Bc3 d5 53.cxd5+ Kxd5 54.Kg6
Nd4 55.Ne1 Kc4 56.Kf6 Ne2 57.g5 Nxc3 58.bxc3 Bd2 59.Ng2 Bxc3+ 60.Kf7 b5 
61.Ne3+ Kd3 62.axb5 axb5 63.Nd5 Bd4 64.Nf6 e3 65.g6 e2 66.g7 e1=Q 67.g8=Q 
Qf2 0-1

[Event "XXIV Festival Conca della Presolana A"]
[Site "Bratto - Castione della Presolana ITA"]
[Date "2004.08.26"]
[Round "7"]
[White "Gromovs, Sergejs"]
[Black "Lapiccirella, Mattia"]
[Result "1-0"]
[WhiteElo "2341"]
[BlackElo "2233"]
[PlyCount "73"]
[EventDate "2004.08.20"]

1.d4 Nf6 2.c4 c5 3.d5 g6 4.Nc3 d6 5.e4 Bg7 6.Bg5 O-O 7.Qd2 e6 8.Bd3 exd5 
9.cxd5 a6 10.a4 Nbd7 11.Nge2 Re8 12.O-O Qe7 13.Ng3 Qf8 14.f3 h6 15.Be3 Ne5
16.Be2 Rb8 17.Rab1 b5 18.axb5 axb5 19.Nxb5 Bd7 20.Nc3 Rb4 21.h3 Reb8 22.f4
Nc4 23.Bxc4 Rxc4 24.e5 Nh5 25.Nxh5 gxh5 26.Qe2 Rcb4 27.Qxh5 Qe7 28.Rbe1 
dxe5 29.fxe5 Bxe5 30.d6 Qxd6 31.Qxf7+ Kh8 32.Rd1 Be8 33.Qf5 Bd4 34.Bxd4+ 
Rxd4 35.Ne4 Qe7 36.Rfe1 Bg6 37.Qxg6 1-0

[Event "XXIV Festival Conca della Presolana A"]
[Site "Bratto - Castione della Presolana ITA"]
[Date "2004.08.26"]
[Round "7"]
[White "Isonzo, David"]
[Black "Bonazzi, Edoardo"]
[Result "1-0"]
[WhiteElo "2322"]
[BlackElo "2115"]
[PlyCount "37"]
[EventDate "2004.08.20"]

1.e4 c6 2.d3 d5 3.Nd2 e5 4.Ngf3 Nd7 5.d4 Bd6 6.exd5 cxd5 7.dxe5 Nxe5 8.
Nxe5 Bxe5 9.Bb5+ Bd7 10.Qe2 Bxb5 11.Qxb5+ Qd7 12.Qe2 Qe7 13.Nf3 Bf6 14.Be3
Qe6 15.O-O-O Ne7 16.Rhe1 O-O 17.Bc5 Qc6 18.Bxe7 Rfe8 19.Ne5 1-0